[Event "VIE-chT"]
[Site "Ho Chi Minh City"]
[Date "2019.10.02"]
[Round "9.16"]
[White "Le, Cong Cuong"]
[Black "Ngo, Minh Quan"]
[Result "1-0"]
[WhiteElo "2066"]
[BlackElo "1897"]
[PlyCount "103"]
[EventDate "2019.09.26"]
[EventType "team-swiss"]
[EventRounds "9"]
[EventCountry "VIE"]
[SourceTitle "EXT 2020"]
[Source "ChessBase"]
[SourceDate "2019.10.17"]
[SourceVersion "1"]
[SourceVersionDate "2019.10.17"]
[SourceQuality "1"]

1. e4 c5 2. Nc3 Nc6 3. g3 g6 4. Bg2 Bg7 5. Nge2 d6 6. d3 e6 7. Be3 Nd4 8. Qd2 Ne7 9. 0-0 0-0 10. f4 Rb8 11. g4 f5 12. h3 b5 13. Ng3 b4 14. Nd1 a5 15. Rb1 Qc7 16. Nf2 Bd7 17. gxf5 exf5 18. c3 Nb5 19. Ne2 Be6 20. c4 Nd4 21. Bxd4 cxd4 22. Ng3 Qd7 23. Kh2 fxe4 24. Nfxe4 Nf5 25. Nxf5 Bxf5 26. Rbe1 Rbe8 27. Ng3 Bf6 28. Ne4 Bh4 29. Re2 Re6 30. a3 Qa4 31. axb4 Qxb4 32. Qxb4 axb4 33. Ra1 Kh8 34. Ra4 Bxe4 35. Bxe4 Rxf4 36. Rxb4 Ref6 37. Rb7 Rf2+ 38. Rxf2 Rxf2+ 39. Kg1 Rd2 40. b4 Rb2 41. b5 Bg5 42. b6 Be3+ 43. Kh1 Rb4 44. Rb8+ Kg7 45. Bd5 Kh6 46. b7 Kh5 47. Rh8 Rb1+ 48. Kh2 Bf4+ 49. Kg2 Rb2+ 50. Kf3 Be3 51. b8Q Rf2+ 52. Kg3 1-0

[Event "VIE-chT"]
[Site "Ho Chi Minh City"]
[Date "2019.10.01"]
[Round "8.10"]
[White "Ngo, Minh Quan"]
[Black "Nguyen, Phuoc Tam"]
[Result "0-1"]
[WhiteElo "1897"]
[BlackElo "2214"]
[PlyCount "60"]
[EventDate "2019.09.26"]
[EventType "team-swiss"]
[EventRounds "9"]
[EventCountry "VIE"]
[SourceTitle "EXT 2020"]
[Source "ChessBase"]
[SourceDate "2019.10.17"]
[SourceVersion "1"]
[SourceVersionDate "2019.10.17"]
[SourceQuality "1"]

1. e4 c5 2. Nc3 Nc6 3. g3 g6 4. Bg2 Bg7 5. d3 d6 6. Nge2 Rb8 7. 0-0 b5 8. Nd5 e6 9. Ne3 Nge7 10. f4 Nd4 11. h3 0-0 12. Kh2 a5 13. Ng1 b4 14. Bd2 Nb5 15. Qc1 a4 16. e5 Nf5 17. Nf3 Bb7 18. g4 Nfd4 19. Nxd4 Nxd4 20. c3 Bxg2 21. Nxg2 Nc6 22. Be3 bxc3 23. bxc3 dxe5 24. Bxc5 Re8 25. Qc2 exf4 26. d4 e5 27. Qe4 Na5 28. d5 Rb5 29. Ba3 Qxd5 30. Qxa4 Qc4 0-1

[Event "VIE-chT"]
[Site "Ho Chi Minh City"]
[Date "2019.09.30"]
[Round "7.19"]
[White "Duong, Thien Chuong"]
[Black "Ngo, Minh Quan"]
[Result "0-1"]
[WhiteElo "1908"]
[BlackElo "1897"]
[PlyCount "79"]
[EventDate "2019.09.26"]
[EventType "team-swiss"]
[EventRounds "9"]
[EventCountry "VIE"]
[SourceTitle "EXT 2020"]
[Source "ChessBase"]
[SourceDate "2019.10.17"]
[SourceVersion "1"]
[SourceVersionDate "2019.10.17"]
[SourceQuality "1"]

1. Nf3 Nf6 2. c4 e6 3. e3 b6 4. b3 Bb7 5. Bb2 Be7 6. Be2 0-0 7. 0-0 d5 8. Nc3 Nbd7 9. Rc1 a6 10. d4 Bd6 11. Qc2 c5 12. cxd5 Nxd5 13. Nxd5 Bxd5 14. Rfd1 cxd4 15. e4 Bb7 16. Bxd4 Qe7 17. e5 Ba3 18. Bb2 Bc5 19. b4 Bxb4 20. Qc7 Bd5 21. Nd4 Rfc8 22. Qxc8+ Rxc8 23. Rxc8+ Nf8 24. Bxa6 Qa7 25. Bf1 Qxa2 26. Bc3 Bxc3 27. Rxc3 g6 28. Bb5 Kg7 29. Rc7 Qa8 30. f3 g5 31. Re1 Ng6 32. Kf2 Qa3 33. Be8 Qb2+ 34. Ne2 Nf4 35. Kf1 Kf8 36. Ba4 Bc4 37. Bc6 Qd2 38. Be4 Qe3 39. Bc2 Bd3 40. Ba4 0-1

[Event "VIE-chT"]
[Site "Ho Chi Minh City"]
[Date "2019.09.29"]
[Round "6.26"]
[White "Nguyen, Anh Dung1111"]
[Black "Ngo, Minh Quan"]
[Result "0-1"]
[WhiteElo "1589"]
[BlackElo "1897"]
[PlyCount "116"]
[EventDate "2019.09.26"]
[EventType "team-swiss"]
[EventRounds "9"]
[EventCountry "VIE"]
[SourceTitle "EXT 2020"]
[Source "ChessBase"]
[SourceDate "2019.10.17"]
[SourceVersion "1"]
[SourceVersionDate "2019.10.17"]
[SourceQuality "1"]

1. f4 d5 2. Nf3 c5 3. g3 Nc6 4. Bg2 Nf6 5. 0-0 e6 6. d3 Be7 7. Qe1 d4 8. e4 dxe3 9. Bxe3 Nd5 10. Bf2 Qc7 11. Nc3 Nf6 12. h3 0-0 13. Ne4 b6 14. Ne5 Bb7 15. Ng4 Nd5 16. Ne3 Ncb4 17. Qe2 Nxe3 18. Bxe3 Nd5 19. Bd2 Rac8 20. b3 Qd7 21. a3 Rfd8 22. Rad1 a5 23. c4 Nf6 24. Bc3 Ne8 25. a4 Nd6 26. g4 Bc6 27. Bf3 Qb7 28. Ba1 Bf8 29. h4 Rd7 30. Ng3 Rcd8 31. Nh5 Ne8 32. g5 Bxf3 33. Rxf3 Nd6 34. Ng3 Qc6 35. h5 Nf5 36. h6 Nd4 37. Bxd4 Rxd4 38. hxg7 Bxg7 39. Nh5 Qd6 40. Qg2 e5 41. Rh3 Qg6 42. f5 Qxf5 43. Nf6+ Bxf6 44. Rf1 Qg6 45. Rxf6 Qg7 46. Rxb6 e4 47. Qd2 exd3 48. Rg3 Qe5 49. Rg2 Re4 50. Rf6 Qd4+ 51. Rff2 Re2 52. Qd1 Rde8 53. Kf1 Qc3 54. Rxe2 dxe2+ 55. Rxe2 Qf3+ 56. Ke1 Qg3+ 57. Kf1 Qf3+ 58. Ke1 Qh1+ 0-1

[Event "VIE-chT"]
[Site "Ho Chi Minh City"]
[Date "2019.09.27"]
[Round "3.28"]
[White "Ngo, Minh Quan"]
[Black "Vu, Thi Dieu Uyen"]
[Result "1-0"]
[WhiteElo "1897"]
[BlackElo "1757"]
[PlyCount "58"]
[EventDate "2019.09.26"]
[EventType "team-swiss"]
[EventRounds "9"]
[EventCountry "VIE"]
[SourceTitle "EXT 2020"]
[Source "ChessBase"]
[SourceDate "2019.10.17"]
[SourceVersion "1"]
[SourceVersionDate "2019.10.17"]
[SourceQuality "1"]

1. e4 c5 2. Nc3 Nc6 3. g3 g6 4. Bg2 Bg7 5. d3 Nf6 6. Nge2 d6 7. 0-0 0-0 8. h3 Bd7 9. f4 Qc8 10. Kh2 e5 11. fxe5 Nxe5 12. Bg5 Ne8 13. Be7 Nc7 14. Bxd6 Re8 15. Bxc5 Ne6 16. Bg1 Ng5 17. Nf4 Kh8 18. Ncd5 Nc6 19. c3 Ne6 20. Nxe6 fxe6 21. Nf6 Rf8 22. Nxd7 Qxd7 23. d4 Rxf1 24. Qxf1 Rf8 25. Qe2 Ne7 26. Rf1 Rd8 27. Qg4 Kg8 28. Be3 b5 29. h4 b4 1-0

[Event "VIE-chT"]
[Site "Ho Chi Minh City"]
[Date "2019.09.26"]
[Round "1.39"]
[White "Ngo, Minh Quan"]
[Black "Le, Nhat Minh"]
[Result "1-0"]
[WhiteElo "1897"]
[BlackElo "1902"]
[PlyCount "87"]
[EventDate "2019.09.26"]
[EventType "team-swiss"]
[EventRounds "9"]
[EventCountry "VIE"]
[SourceTitle "EXT 2020"]
[Source "ChessBase"]
[SourceDate "2019.10.17"]
[SourceVersion "1"]
[SourceVersionDate "2019.10.17"]
[SourceQuality "1"]

1. e4 c5 2. Nc3 d6 3. g3 Nf6 4. Bg2 g6 5. d3 Bg7 6. Nge2 0-0 7. 0-0 Nc6 8. h3 Be6 9. f4 Nd4 10. Kh2 d5 11. e5 Nd7 12. Nxd5 Bxd5 13. Bxd5 Nxe2 14. Qxe2 Nxe5 15. Bxb7 Rb8 16. Bg2 Nc6 17. Bxc6 Bxb2 18. Rb1 Bxc1 19. Rfxc1 Rxb1 20. Rxb1 Qc7 21. Bg2 e6 22. Qd2 Rb8 23. Rb3 a5 24. Rxb8+ Qxb8 25. Qxa5 Qb2 26. Qxc5 Qxa2 27. d4 Qa6 28. c4 Kg7 29. d5 exd5 30. cxd5 Qe2 31. d6 Qe8 32. Qe5+ Qxe5 33. fxe5 Kf8 34. Bc6 g5 35. Kg2 h5 36. Kf3 f5 37. e6 g4+ 38. hxg4 fxg4+ 39. Kf4 Kg7 40. e7 Kf7 41. e8Q+ Kg7 42. Kg5 Kh7 43. Kf6 Kh6 44. Qg6# 1-0